Dendam

Bibliographic Details
Main Author: MALUNGUN
Format: Book
Published: Kuala Lumpur : Creative Enterprise , 1992
Subjects:

MARC

LEADER 00000cam a2200000 7i4500
001 0000003508
002 000003778
005 20000330.0
020 |a 9838930628 
090 0 0 |a F   |b MAL 
100 0 |a MALUNGUN 
245 1 0 |a Dendam   |c Malungun 
260 |a Kuala Lumpur :   |b Creative Enterprise ,   |c 1992 
300 |a 251p. ;   |c 18cm. 
650 0 0 |a Malay fiction 
999 |a 031944   |b BUKU   |c FICTION   |e PERPUSTAKAAN KOMUNITI PETALING JAYA 
999 |a 031945   |b BUKU   |c FICTION   |e PERPUSTAKAAN KOMUNITI PETALING JAYA 
999 |a 031946   |b BUKU   |c FICTION   |e PERPUSTAKAAN KOMUNITI PETALING JAYA 
999 |a 044585   |b BUKU   |c FICTION   |e PERPUSTAKAAN KOMUNITI CAW KOTA DAMANSARA 
999 |a 044586   |b BUKU   |c FICTION   |e PERPUSTAKAAN KOMUNITI CAW KOTA DAMANSARA 
999 |a 044587   |b BUKU   |c PINJAMAN   |e PERPUSTAKAAN KOMUNITI CAW KOTA DAMANSARA